000 00603nam a22001937a 4500
003 0
005 20230929132031.0
008 230929b xxu||||| |||| 00| 0 eng d
020 _a978-93-86559-54-8
050 _aPE 1475
_b .H63 2023
100 _aHoda, Badul
245 _aTechnical english : technical report writing anf presentation
_cBadul Hoda
260 _aNew Delhi
_bVenus Books
_cc2023.
300 _aix, 284 pages ;
_c25 pages
500 _aTechnical writing -- English.
504 _aIncludes bibliographical references.
650 _aTechnical writing -- English.
942 _2lcc
_cBK
999 _c365443
_d365443